Quick Pick: 1990s Disney Quiz Stats

 Plays Quiz Updated May 16, 2016

Challenge
Share
Tweet
Embed
Score 0/10 Timer 01:00
5 Plays Today
% Correct
Aladdin
91.1%
The Lion King
89.3%
Beauty and the Beast
87.2%
Pocahontas
78.5%
The Hunchback of Notre Dame
76.4%
Mulan
75.7%
Hercules
74.4%
Tarzan
66.6%
The Rescuers Down Under
41.4%
Fantasia 2000
41.4%

Today's Daily Dose

Missing Word
Biopics

Word Ladder
Food Idioms

Quick Pick
Diets

On This Day
December 18th II

You're not logged in!

Compare scores with friends on all Sporcle quizzes.
OR
Log In

You Might Also Like...

Show Comments

Extras

Top Quizzes Today


Score Distribution

Your Account Isn't Verified!

In order to create a playlist on Sporcle, you need to verify the email address you used during registration. Go to your Sporcle Settings to finish the process.

Report this User

Report this user for behavior that violates our Community Guidelines.

Details: